000 00757nam a2200229 i 4500
001 128260
003 ES-MaACL
005 20230906193220.0
007 t|
008 070627s1989 fr ||||1| fre d
020 _a2-86723-043-8
080 _a75.035(460)(083.824)
245 0 4 _aLes élèves espagnols de David
_b: [exposición] Musée Goya, Castres, 24 juin-31 août 1989.
260 _aSaint-Sébastien :
_bACL-CROCUS,
_c[1989]
300 _a132 p. :
_bil. ;
_c26 cm.
500 _aBiblioteca Jacinto Martínez Lacalle.
650 4 _aPintura española-
_yS.XIX-
_vExposiciones.
_916040
655 7 _2tgfbne
_9193628
_aCatálogos de exposiciones
852 _aES-MaACL
_jE-11768
_bR.139773
942 _2udc
999 _c128260
_d128260